| 000 | 00624cam a22002413a 4500 | ||
|---|---|---|---|
| 001 | 26228 | ||
| 003 | PGUSA | ||
| 005 | 20140828083550.0 | ||
| 008 | 080801s2008||||xxu|||||s|||||000 1 eng d | ||
| 040 |
_aPGUSA _beng |
||
| 042 | _adc | ||
| 050 | 4 | _aPQ | |
| 100 | 1 |
_aVoltaire, _d1694-1778 |
|
| 245 | 1 | 0 |
_aCandide _h[electronic resource] / _cVoltaire |
| 260 |
_bProject Gutenberg, _c2008 |
||
| 506 | _aPublic domain in the USA. | ||
| 516 | _aElectronic text | ||
| 653 | _aOptimism -- Fiction | ||
| 653 | _aSatire | ||
| 830 | 0 |
_aProject Gutenberg _v26228 |
|
| 856 | 4 | 0 | _uhttp://www.gutenberg.org/ebooks/26228 |
| 942 | _cEB | ||
| 999 |
_c255483 _d255483 |
||